| 000 | 00895nam a22002537a 4500 | ||
|---|---|---|---|
| 001 | BRCA_9431 | ||
| 003 | FranzMayer | ||
| 005 | 20230918130802.0 | ||
| 008 | 230906b |||||||| |||| 00| 0 eng d | ||
| 020 | _a9789053497661 | ||
| 040 |
_aMFM _bESPAÑOL _cMFM |
||
| 050 | 0 |
_aN6757.5.A78 _bM87 2009 |
|
| 110 | 1 |
_4Responsable _aMusée d'Orsay _929701 |
|
| 240 |
_aArt Nouveau revival _h1900-1933, 1966-1974 _lFrancés |
||
| 245 | 0 |
_aArt Nouveau revival _b1900-1933, 1966-1974 |
|
| 260 |
_aParis, Francia _bMusée d'Orsay _c2009 |
||
| 300 |
_a276 p _bIlustraciones _c31 cm |
||
| 500 | _aAnexo 1 | ||
| 505 | _aTexto en: francésIncluye índice temáticoDirigido a: artistas, historiadores de arte | ||
| 650 | 1 |
_2Artes visuales _aHistoria _vCorrientes artísticas _929702 |
|
| 651 | 2 |
_2Arte europeo _aSiglo 20 _vArt nouveau _929703 |
|
| 700 |
_4Trad _aTemperini, Renaud _929704 |
||
| 942 |
_2lcc _cB |
||
| 999 |
_c11053 _d11053 |
||